| 000 | 00352nam a2200133Ia 4500 | ||
|---|---|---|---|
| 005 | 20251222141757.0 | ||
| 008 | 251222s9999||||xx |||||||||||||| ||spa|| | ||
| 020 | _a84-82-39-500-9 | ||
| 082 | _a848.9/R83 | ||
| 100 | _a"Daniel-Rops, Henry" | ||
| 245 | 0 | _a"Jesús en su tiempo: Como un hombre, entre los demás hombres" | |
| 250 | _a2a.ed. | ||
| 942 | _cLIB | ||
| 999 |
_c6036 _d6036 |
||